| 000 | 006240000a22001810004500 | ||
|---|---|---|---|
| 003 | MACL | ||
| 005 | 20160731121412.0 | ||
| 008 | 160731b xxu||||| |||| 00| 0 eng d | ||
| 040 |
_aMACL _cMACL |
||
| 041 | _aHindi | ||
| 082 | _a741.642 | ||
| 100 |
_aक्रिस्टी, अगाथा _965878 |
||
| 245 |
_aरोमांचकारी कहानियॉ _cअगाथा क्रिस्टी |
||
| 260 |
_bशाश्वत प्रकाशन _c2010 _aनई दिल्ली |
||
| 350 | _a150 | ||
| 650 |
_aचिल्ड्रन बुक _9159 |
||
| 942 |
_cHIN _k741.642 _2ddc |
||
| 999 |
_c45320 _d45320 |
||